LEADER 01135nam a2200217 i 4500 001 000000008942 003 CaOOAMICUS 005 20180830125439.0 008 180830s1999 it u000 u ita u 040 $aSeMil$bita 100 1 $aVázquez de Prada, Andrés.$0(OLS)http://semarc/name/4447 245 13$aIl fondatore dell'Opus Dei :$bvita di Josemaria Escrivŕ /$cAndrés Vazquez de Prada ; traduzione di Agostino Donŕ. 260 $aMilano :$bLeonardo International,$c1999-2004. 300 $a3 v. ;$c22 cm. 600 14$aEscrivá de Balaguer, Josemaría .$0(OLS)http://semarc/subject/12727 700 1 $aDonŕ, Agostino.$0(OLS)http://semarc/name/4448 774 0 $aVázquez de Prada, Andrés$t[1902-1936].$z88-86482-57-4$gVol.1$w()69074 774 0 $aVázquez de Prada, Andrés$t[1936-1946].$bEd.$z88-86482-90-6$gVol.2$w()113476 774 0 $aVázquez de Prada, Andrés$t[1946-1975].$b2. edizione.$z88-88828-24-9$gVol.3$w()126986 996 $6245$aIl fondatore dell'Opus Dei :$bvita di Josemaria Escrivŕ$9(OLS)http://semarc/title/11824 996 $6260$aMilano :$bLeonardo International$9(OLS)http://semarc/publisher/33827 LEADER 01109nam a2200241 i 4500 001 000000188941 003 CaOOAMICUS 005 20250728124706.0 008 100426s1921 gw u000 u ger u 013 $a167177 040 $aSeMil$bita 245 14$aDie geheime Kirchenbusse nach dem Heiligen Augustin /$ceine Auseinandersetzung mit B. Poschmann von Karl Adam. 260 $aMünchen :$bJosef Kösel & Friedrich Pustet,$c1921. 300 $a90 p. ;$c25 cm. 490 0 $aMünchener Studien zur historischen Theologie ;$v2 700 1 $aPoschmann, Bernhard,$d<1878-1955>.$0(OLS)http://semarc/name/21567 700 1 $aAdam, Karl,$d<1876-1966>.$0(OLS)http://semarc/name/21155 830 0$aMünchener Studien zur historischen Theologie ;$v2.$0(OLS)http://semarc/title/31221 850 $aSeMil 852 $aSeMil$W1$xVenegono$y1$m2T V 84$j139576$B139576$CSeMilBibl$Z2$F151196 $81 996 $6245$aDie geheime Kirchenbusse nach dem Heiligen Augustin$9(OLS)http://semarc/title/272008 996 $6260$aMünchen :$bJosef Kösel & Friedrich Pustet$9(OLS)http://semarc/publisher/35883